| 000 | 00000nam 2200000za 4500 |
| 001 | 9.858444 |
| 003 | CaOODSP |
| 005 | 20250910142446 |
| 007 | cr ||||||||||| |
| 008 | 180703s2015 onc ob f000 0 fre d |
| 040 | |aCaOODSP|bfre |
| 043 | |an-cn--- |
| 086 | 1 |aD2-402/2015F-PDF |
| 245 | 00|aManuel du Service d'avocats de la défense |h[ressource électronique]. |
| 246 | 17|aDSAD - Précis et directives |
| 260 | |a[Ottawa?] : |bDéfense nationale, |c[2015?] |
| 300 | |a1 v. (pagination multiples) |
| 500 | |aTitre de départ. |
| 500 | |aPubl. aussi en format HTML. |
| 500 | |aPubl. aussi en anglais sous le titre : Defence Counsel Services manual. |
| 504 | |aComprend des réf. bibliogr. |
| 520 | |a« Chapitre 1 donne des renseignements généraux sur le système de la justice canadienne ainsi que sur les services offerts par le directeur du service d’avocats de la défense (DSAD). Chapitre 2 examine le Code de discipline militaire, spécifiquement en ce qui concerne les procès sommaires et les cours martiales. Les responsabilités des avocats de la défense sont détaillées au chapitre 3, alors que chapitre 4 expose les grandes lignes des responsabilités des avocats de la défense en tant que leur rôle consultatif vis-à-vis les questions d’arrestation ou de détention, des choix d’un tribunal militaire, de l’officier désigné pour aider l’accusé, et d’enquêtes sommaires et de commissions d’enquête. Chapitres 5 à 8 décrivent les rôles spécifiques des avocats de la défense par rapport à la relation entre l’avocat et son client, aux actions préalables au procès, aux particuliers concernant les cours martiales, aux mesures à prendre une fois la cour martiale terminée et à l’appel. Chapitre 9 fournit des lignes directrices pour communiquer avec les médias, et le dernier chapitre traîte d’autres sujets liés, y compris l’arrestion, la détention et la libération d’une personne sous garde et l’inaptitude d’un accusé à subir son procès. L’annexe A contient la Directive du Juge avocat général concernant le service d’avocats de la défence, et l’annexe B est une compilation des directives du DSAD présentées dans ce document » -- Structure du document, p. i. |
| 692 | 07|2gccst|aPolitique de défense |
| 692 | 07|2gccst|aService d'orientation |
| 692 | 07|2gccst|aManuel |
| 710 | 1 |aCanada. |bMinistère de la défense nationale. |
| 775 | 08|tDefence Counsel Services manual |w(CaOODSP)9.858438 |
| 856 | 40|qPDF|s625 Ko|uhttps://publications.gc.ca/collections/collection_2018/mdn-dnd/D2-402-2015-fra.pdf |
| 856 | 4 |qHTML|sS.O.|uhttps://www.canada.ca/fr/ministere-defense-nationale/organisation/rapports-publications/droit-militaire/manuel-service-avocats-defense.html |